000 00631nam a2200181Ia 4500
008 100917s9999 xx 000 0 und d
082 _b23244
100 _aकापसे राम - प्रस्ता.
245 _aसावरकरांची निवडक भाषणे
260 _bमॅजेस्टिक प्रकाशन
_c1972
300 _a121
365 _b5
520 _aनिबंध
630 _aसावरकरांची निवडक भाषणे
650 _aनिबंध
730 _aसावरकरांची निवडक भाषणे
942 _cBOOK
999 _c628638
_d628635